Normal view
MARC view
- International Conference on Constructed Wetlands for Wastewater Treatment
Entry Meeting Name
001 - CONTROL NUMBER
- control field: 5860
003 - CONTROL NUMBER IDENTIFIER
- control field: NUST
005 - DATE AND TIME OF LATEST TRANSACTION
- control field: 20171102122835.0
008 - FIXED-LENGTH DATA ELEMENTS
- fixed length control field: 171102|| aca||aabn | a|a d
040 ## - CATALOGING SOURCE
- Original cataloging agency: NUST
- Transcribing agency: NUST
111 ## - HEADING--MEETING NAME
- Meeting name or jurisdiction name as entry element: International Conference on Constructed Wetlands for Wastewater Treatment
- Number of part/section/meeting: (1st :
- Date of meeting: 1988 :
- Location of meeting: Chattanooga, Tenn.)
670 ## - SOURCE DATA FOUND
- Source citation: Work cat.: (NUST)0: Constructed wetlands for wastewater treatment :, c1989.
